000 00507nam a2200181Ia 4500
008 191130s2009##################000#0#eng##
020 _a9781405743150
040 _aACL
_cACL
082 _a348.4204 WID
245 _aThe all England law reports 2009
_cedited by Karen Widdcombe
260 _aLondon
_bButterworth & Co
_c2009
300 _a1144 p.; 23 cm.
650 _aLaw- Reports
700 _aWiddicombe, Karen
990 _a0794d1fcac10000c4a80cc5ca46ac87c
991 _a390857
999 _c300845
_d300845